• 首页
  • 本馆介绍
  • 公告通知
  • 最新文献
  • 馆藏检索
  • 电子资源
  • 读者导购
  • 参考咨询
  • 我的图书馆
  • 登录
  • 详细信息显示
  • 放入我的书架
  • 预约/预借图书
  • 作者相关作品
  • 分类相关作品
  • 丛书相关作品
  • 出版社相关作品

书目信息

  • 表格格式
  • 工作单格式
  • 卡片格式
题名:
防身术
    
 
作者: 次春雷, 编著
分册:  
出版信息: 长春   吉林出版集团股份有限公司  2021
页数: 122页
开本: 23cm
丛书名: 全民健身计划系列丛书
单 册:
中图分类: G852.419 , G852.4
科图分类:
主题词: 防身术--fang shen shu--基本知识
电子资源:
ISBN: 978-7-5581-9485-6
000 01146nam 2200301 450
001 2375057463
005 20230927205116.02
010    @a978-7-5581-9485-6@dCNY36.00
092    @aCN@bBWZ2140SK-000810
100    @a20220825d2021 em y0chiy50 ea
101 0  @achi
102    @aCN@b220000
105    @aak z 000yy
200 1  @a防身术@Afang shen shu@f次春雷编著
210    @a长春@c吉林出版集团股份有限公司@d2021
215    @a122页@c彩图@d23cm
225 2  @a全民健身计划系列丛书@Aquan min jian shen ji hua xi lie cong shu
305    @a2021年2月第1版 2021年10月第2次印刷
312    @a英文并列题名取自封面
330    @a本书主要对防身术做了全面系统的诠释,介绍了防身术的起源、发展、自我身体评价、运动价值、运动保护、防卫和步法、手法、腿法、摔法、肘法、膝法、解说抗暴术等,通过图解、示范和教授防身术的每个动作规范,可使学员轻松掌握防身术的基本知识和技巧。
410  0 @12001 @a全民健身计划系列丛书
510 1  @aSelf-defence@zeng
606 0  @a防身术@Afang shen shu@x基本知识
690    @aG852.419@v5
690    @aG852.4@v4
701  0 @a次春雷,@Aci chun lei@f1981-@4编著
801  0 @aCN@b山东中教@c20230926
905    @aBZT@dG852.4@e9
    
    防身术/次春雷编著.-长春:吉林出版集团股份有限公司,2021
    122页:彩图;23cm.-(全民健身计划系列丛书)
    
    
    ISBN 978-7-5581-9485-6:CNY36.00
    本书主要对防身术做了全面系统的诠释,介绍了防身术的起源、发展、自我身体评价、运动价值、运动保护、防卫和步法、手法、腿法、摔法、肘法、膝法、解说抗暴术等,通过图解、示范和教授防身术的每个动作规范,可使学员轻松掌握防身术的基本知识和技巧。
●
相关链接 在五车中查询图书 在当当中查询图书 在豆瓣中查询图书


正题名:防身术     索取号:G852.4/9         预约/预借

序号 登录号 条形码 馆藏地/架位号 状态 备注
1 2000967963   2000967963   第四书库/四8架B面3层2列/ [索取号:G852.4/9] 在馆    
2 2000967964   2000967964   第四书库/四8架B面3层2列/ [索取号:G852.4/9] 在馆    
3 2000967965   2000967965   第四书库/四8架B面3层2列/ [索取号:G852.4/9] 在馆    
4 2000967966   2000967966   第四书库/四8架B面3层2列/ [索取号:G852.4/9] 在馆    
5 2000967967   2000967967   第四书库/四8架B面3层2列/ [索取号:G852.4/9] 在馆    
6 2000967968   2000967968   第四书库/四8架B面3层2列/ [索取号:G852.4/9] 在馆    
山东省滨州职业学院图书馆 欢迎您!
大连网信软件有限公司© 版权所有